[Event "Hamburger Liga Aufstieg"]
[Site "Hamburg"]
[Date "2007.08.19"]
[Round "3.21"]
[White "Grossmann, Achim"]
[Black "Klawitter, Bernd"]
[Result "1/2-1/2"]
[WhiteElo "1301"]
[BlackElo "1473"]
[PlyCount "97"]
[EventDate "2007.08.13"]
[EventType "swiss"]
[EventRounds "7"]
[EventCountry "GER"]
[SourceTitle "EXT 2022"]
[Source "ChessBase"]
[SourceDate "2021.10.06"]
[SourceVersion "1"]
[SourceVersionDate "2021.10.06"]
[SourceQuality "1"]

1. e4 d5 2. exd5 Nf6 3. Nc3 Nxd5 4. Bc4 Nxc3 5. bxc3 Qd6 6. d4 Qc6 7. Bf1 Qxc3+ 8. Bd2 Qxd4 9. Nf3 Qe4+ 10. Be3 Bg4 11. Be2 Nc6 12. 0-0 Rd8 13. Qb1 Nb4 14. Rc1 e6 15. a3 Na6 16. Bd3 Qd5 17. Ne1 Bc5 18. Bxa6 bxa6 19. Bxc5 Qxc5 20. Qb4 Qxb4 21. axb4 Be2 22. Ra3 0-0 23. Nd3 Bxd3 24. Rxd3 Rxd3 25. cxd3 h6 26. Kf1 Rb8 27. Rxc7 Rxb4 28. Rxa7 Rb6 29. Ke2 g5 30. h3 Kg7 31. g4 Kf6 32. Ke3 e5 33. f3 Ke6 34. Ke4 Rd6 35. Ke3 f5 36. gxf5+ Kxf5 37. Rf7+ Rf6 38. Ra7 h5 39. Ra8 g4 40. fxg4+ hxg4 41. hxg4+ Kxg4 42. Ke4 Re6 43. Ra7 Kg5 44. d4 exd4+ 45. Kxd4 Rb6 46. Kc5 Rf6 47. Kd5 Rf5+ 48. Kc4 a5 49. Kb3 1/2-1/2

[Event "Hamburger Liga Aufstieg"]
[Site "Hamburg"]
[Date "2007.08.18"]
[Round "2.22"]
[White "Yousofi, Ahmad"]
[Black "Grossmann, Achim"]
[Result "1/2-1/2"]
[WhiteElo "1642"]
[BlackElo "1301"]
[PlyCount "92"]
[EventDate "2007.08.13"]
[EventType "swiss"]
[EventRounds "7"]
[EventCountry "GER"]
[SourceTitle "EXT 2022"]
[Source "ChessBase"]
[SourceDate "2021.10.06"]
[SourceVersion "1"]
[SourceVersionDate "2021.10.06"]
[SourceQuality "1"]

1. Nf3 d5 2. g3 c6 3. Bg2 e6 4. d3 Nf6 5. Bg5 Be7 6. Nc3 Nbd7 7. Qd2 a6 8. a3 b5 9. 0-0 0-0 10. e4 dxe4 11. dxe4 Re8 12. Rad1 Bb7 13. Qe2 Kf8 14. Ne5 Qc7 15. Nxd7+ Nxd7 16. Bf4 e5 17. Be3 Rad8 18. Qh5 Nf6 19. Qe2 Rxd1 20. Rxd1 Rd8 21. b4 h6 22. h4 Rxd1+ 23. Qxd1 Qd7 24. Qxd7 Nxd7 25. Bf1 c5 26. bxc5 Nxc5 27. f3 Nd7 28. Bc1 Ke8 29. Kf2 Nf8 30. Nd5 Bxd5 31. exd5 Nd7 32. a4 bxa4 33. Bxa6 Kd8 34. c4 Bc5+ 35. Ke2 Nb6 36. Bb2 f6 37. h5 Ke7 38. Kd3 Kd6 39. g4 Bb4 40. Ke4 Ke7 41. Kf5 Kf7 42. Ke4 Nd7 43. Bc8 Nc5+ 44. Kf5 a3 45. Bxa3 Bxa3 46. d6 Bb4 1/2-1/2